00749nam a2200229 a 450000100100000000500170001000800410002702000150006804000250008308200180010810000290012624500640015526000280021930000350024749000360028250400270031865000510034565000540039683000430045004900090049399900170050200002199220200930011532.0100915s1990 sp ac r 000 f spa d a8420736090 aDO-SdBNPbspacBNPHU a863.09bB297n1 aBasanta, Ángel,92939710aLa novela española de nuestra época /cÁngel Basanta. aMadrid :bAnaya,c1990. a96 p. :bil., retrs. ;c19 cm.1 aBiblioteca básicaaliteratura aBibliografías: p. 96 4aNovela españolaxHistoria y crítica912614 4aLiteratura españolaxHistoria y crítica93904 0aBiblioteca básicapliteratura945587 aBNGR c21490d21490